00586nam a2200133Ia 4500008004100000100003400041245006900075245015300144260005300297260001800350300000800368650001500376856006100391170221s9999 xx 000 0 und d aAlexander Borisovich Melnikov 4aThe Agrifood Market: Essence and Principles of the Organization  cAlexander Borisovich Melnikov, Pavel Valeryevich Mikhaylushkin, Alina Rafaelyevna Alieva, Yuriy Iosifovich Bershitskiy, Aleksey Vasilevich Tolmachev bInternational Review of Management and Marketing cNovember 2012 a1:2 xMarketing. uhttp://www.econjournals.com/index.php/irmm/issue/view/88